Spektroelektrochémia prírodných antioxidantov a zložitých zmesí antioxidantov vo vodných a nevodných prostrediach dizertačná práca

Saved in:
Bibliographic Details
Main Author: Slováková, Mariana
Format: Book
Language:Slovak
Published: Bratislava STU FCHPT 2014
Online Access:View in OPAC
Tags: Add Tag
No Tags, Be the first to tag this record!

MARC

LEADER 00000nam a2200000 a 4500
005 20260127134235.0
008 160224 2014 000 0 slo d
035 |a vtls011507631 
039 9 |y 201602241119  |z mschk02 
040 |a STUSCHK1  |b slo  |c STUSCHK1  |e AACR2 
100 1 |a Slováková, Mariana 
245 1 |a Spektroelektrochémia prírodných antioxidantov a zložitých zmesí antioxidantov vo vodných a nevodných prostrediach  |b dizertačná práca  |c Mariana Slováková 
260 |a Bratislava  |b STU FCHPT  |c 2014 
300 |a 106 s.  |b il.  |c 24 cm 
500 |a Školiace pracovisko: Odd. fyzikálnej chémie 
910 |a SCHK95 
999 |c 7565  |d 7565